| 000 | 00724nam a22002777a 4500 | ||
|---|---|---|---|
| 001 | 269 | ||
| 003 | FISKH | ||
| 005 | 20230811120005.0 | ||
| 008 | 230313b cb ||||| |||| 00| 0 eng d | ||
| 020 | _a9781407121055 | ||
| 040 |
_aFISKH _beng _cFISKH _dFISKH |
||
| 050 | _aPZ7 | ||
| 082 | _a823.92 | ||
| 100 | _aZucker, Jonny | ||
| 245 |
_aTurbo Drive / _cJonny Zuxker |
||
| 260 |
_aLondon : _bScholastic, _c2012 |
||
| 300 |
_a167 pages _c20 cm |
||
| 505 | _aH | ||
| 520 | _aDanny has to find a sponsor who can help him compete in the karting championship semi-finals. | ||
| 521 | 8 |
_a520
_bLexile |
|
| 521 | 8 |
_aH
_bRaz-Plus |
|
| 650 | _aRacing | ||
| 650 | _aFomula One | ||
| 650 | _aRace Car | ||
| 942 |
_2ddc _cBK _n0 |
||
| 999 |
_c269 _d269 |
||